000 00296nam a2200121 a 4500
008 100923s1988|||| d
245 1 0 _aRímske aféry 2
100 1 _aFelisatti, Massimo
260 _bČeskoslovenský spisovateľ
_aPraha
_c1988
020 _c29
044 _axo
_cSK
041 _aslo
999 _c10629
_d10629